| 000 | 00711nam a22002057a 4500 | ||
|---|---|---|---|
| 999 |
_c18295 _d18295 |
||
| 008 | 200323b xxu||||| |||| 00| 0 eng d | ||
| 020 | _a0124166721 | ||
| 040 |
_aKABU _cKABU |
||
| 050 |
_aU163 _b.A53 2014 c. 1 |
||
| 100 | _aAndress, Jason | ||
| 245 |
_aCybar warfare _btechniques, tactics and tools for security practitioners _cJason Andress, Steve Winterfeld |
||
| 250 | _a2nd ed. | ||
| 260 |
_aUSA _bElsevier _c2014 |
||
| 300 | _axvii, 306 p. | ||
| 650 |
_aInformation warfare _vHandbooks, manuals, etc. |
||
| 650 |
_aComputer networks _vHandbooks, manuals, etc. _xSecurity measures |
||
| 700 | _aWinterfeld, Steve | ||
| 700 | _aAblon, Lillian (Technical editor) | ||
| 942 |
_2lcc _cBK _e2nd ed. _hU163 |
||